<?xml version="1.0" encoding="UTF-8"?>
<marc:record xmlns:marc="http://www.loc.gov/MARC21/slim">
   <marc:leader>00000nam a2200000 a 4500</marc:leader>
   <marc:datafield ind1="1" ind2=" " tag="100">
      <marc:subfield code="a">Kürthy, Ildiko von Kürthy</marc:subfield>
      <marc:subfield code="4">aut</marc:subfield>
      <marc:subfield code="e">Verfasser/-in</marc:subfield>
   </marc:datafield>
   <marc:datafield ind1="0" ind2="0" tag="245">
      <marc:subfield code="a">Endlich!</marc:subfield>
   </marc:datafield>
   <marc:datafield ind1=" " ind2="1" tag="264">
      <marc:subfield code="b">Rowohlt</marc:subfield>
      <marc:subfield code="c">2010</marc:subfield>
   </marc:datafield>
   <marc:datafield ind1="1" ind2=" " tag="520">
      <marc:subfield code="a">«Nur eine schlafende Frau ist eine zufriedene Frau.» Ich dachte, ich sei einigermaßen glücklich. Aber so kann man sich irren. Denn ich habe versehentlich die Wahrheit über meine Ehe herausgefunden: Ich bin eine betrogene Frau! Ist das das Ende? Oder ein Anfang? Erst mal brauche ich ein neues Ego. Und definierte Oberarme. Ich beschatte meinen Mann, besuche das Seminar «Nackt besser aussehen» und wache am Morgen danach nicht allein auf. Mein neuer Personal Trainer sagt: «Wahrheit oder Glück, du kriegst niemals beides.» Ich sage: «Ich will meinen Mann und mein Leben zurück!» Zum Schluss bekomme ich genau das, was ich mir schon immer hätte wünschen sollen. Endlich</marc:subfield>
   </marc:datafield>
   <marc:datafield ind1=" " ind2=" " tag="020">
      <marc:subfield code="a">9783805208987</marc:subfield>
      <marc:subfield code="9">9783805208987</marc:subfield>
   </marc:datafield>
</marc:record>
